<?xml version="1.0" encoding="UTF-8"?>
<record
    xmlns:xsi="http://www.w3.org/2001/XMLSchema-instance"
    xsi:schemaLocation="http://www.loc.gov/MARC21/slim http://www.loc.gov/standards/marcxml/schema/MARC21slim.xsd"
    xmlns="http://www.loc.gov/MARC21/slim">

  <leader>02137nam a22002537a 4500</leader>
  <controlfield tag="003">Uzh_bibl</controlfield>
  <controlfield tag="008">260310b        |||||||| |||| 00| 0 ukr d</controlfield>
  <datafield tag="020" ind1=" " ind2=" ">
    <subfield code="a">966-7223-11-6</subfield>
    <subfield code="c">5.00</subfield>
  </datafield>
  <datafield tag="040" ind1=" " ind2=" ">
    <subfield code="b">&#x443;&#x43A;&#x440;.</subfield>
  </datafield>
  <datafield tag="041" ind1=" " ind2=" ">
    <subfield code="2">ukr</subfield>
    <subfield code="a">ukr</subfield>
  </datafield>
  <datafield tag="080" ind1=" " ind2=" ">
    <subfield code="a">61</subfield>
  </datafield>
  <datafield tag="090" ind1=" " ind2=" ">
    <subfield code="a">61</subfield>
    <subfield code="b">&#x411;40</subfield>
  </datafield>
  <datafield tag="100" ind1=" " ind2=" ">
    <subfield code="a">-</subfield>
  </datafield>
  <datafield tag="245" ind1=" " ind2=" ">
    <subfield code="a">&#x411;&#x435;&#x437;&#x43F;&#x435;&#x447;&#x43D;&#x430; &#x43F;&#x43E;&#x432;&#x435;&#x434;&#x456;&#x43D;&#x43A;&#x430;</subfield>
    <subfield code="c">&#x420;&#x435;&#x446;&#x435;&#x43D;.&#x422;.&#x412;.&#x413;&#x43E;&#x432;&#x43E;&#x440;&#x443;&#x43D;</subfield>
    <subfield code="h">&#x422;&#x435;&#x43A;&#x441;&#x442;</subfield>
  </datafield>
  <datafield tag="260" ind1=" " ind2=" ">
    <subfield code="a">&#x41A;&#x438;&#x457;&#x432; </subfield>
    <subfield code="b">"&#x421;&#x456;&#x43C;'&#x44F;"</subfield>
    <subfield code="c">1999</subfield>
  </datafield>
  <datafield tag="300" ind1=" " ind2=" ">
    <subfield code="a">56 &#x441;.</subfield>
    <subfield code="b">&#x456;&#x43B;.</subfield>
  </datafield>
  <datafield tag="520" ind1=" " ind2=" ">
    <subfield code="a">&#x412; &#x434;&#x430;&#x43D;&#x43E;&#x43C;&#x443; &#x456;&#x43D;&#x444;&#x43E;&#x440;&#x43C;&#x430;&#x446;&#x456;&#x439;&#x43D;&#x43E;&#x43C;&#x443;  &#x43F;&#x43E;&#x441;&#x456;&#x431;&#x43D;&#x438;&#x43A;&#x443; &#x43D;&#x430;&#x432;&#x435;&#x434;&#x435;&#x43D;&#x43E; &#x43E;&#x441;&#x43D;&#x43E;&#x432;&#x43D;&#x456; &#x430;&#x441;&#x43F;&#x435;&#x43A;&#x442;&#x438; &#x431;&#x435;&#x437;&#x43F;&#x435;&#x447;&#x43D;&#x43E;&#x457; &#x43F;&#x43E;&#x432;&#x435;&#x434;&#x456;&#x43D;&#x43A;&#x438; &#x43F;&#x456;&#x434;&#x43B;&#x456;&#x442;&#x43A;&#x456;&#x432; &#x442;&#x430; &#x43C;&#x43E;&#x43B;&#x43E;&#x434;&#x456;. &#x420;&#x43E;&#x437;&#x43F;&#x43E;&#x432;&#x456;&#x434;&#x430;&#x454;&#x442;&#x44C;&#x441;&#x44F; &#x43F;&#x440;&#x43E; &#x43F;&#x430;&#x433;&#x443;&#x431;&#x43D;&#x438;&#x439; &#x432;&#x43F;&#x43B;&#x438;&#x432; &#x43D;&#x430; &#x437;&#x434;&#x43E;&#x440;&#x43E;&#x432;'&#x44F; &#x430;&#x43B;&#x43A;&#x43E;&#x433;&#x43E;&#x43B;&#x44E;, &#x442;&#x44E;&#x442;&#x44E;&#x43D;&#x443;, &#x43D;&#x430;&#x440;&#x43A;&#x43E;&#x442;&#x438;&#x43A;&#x456;&#x432;. &#x41F;&#x440;&#x43E;&#x432;&#x43E;&#x434;&#x44F;&#x442;&#x44C;&#x441;&#x44F; &#x43E;&#x441;&#x43D;&#x43E;&#x432;&#x43D;&#x456; &#x432;&#x456;&#x434;&#x43E;&#x43C;&#x43E;&#x441;&#x442;&#x456; &#x43F;&#x440;&#x43E; &#x445;&#x430;&#x445;&#x432;&#x43E;&#x440;&#x44E;&#x432;&#x430;&#x43D;&#x43D;&#x44F;, &#x449;&#x43E; &#x43F;&#x435;&#x440;&#x435;&#x434;&#x430;&#x44E;&#x442;&#x44C;&#x441;&#x44F; &#x441;&#x442;&#x430;&#x442;&#x435;&#x432;&#x438;&#x43C; &#x448;&#x43B;&#x44F;&#x445;&#x43E;&#x43C; &#x412;&#x406;&#x41B;, &#x421;&#x41D;&#x406;&#x414;. &#x41E;&#x43F;&#x438;&#x441;&#x430;&#x43D;&#x430; &#x43F;&#x440;&#x43E;&#x444;&#x456;&#x43B;&#x430;&#x43A;&#x442;&#x438;&#x43A;&#x430; &#x446;&#x438;&#x445; &#x437;&#x430;&#x445;&#x432;&#x43E;&#x440;&#x44E;&#x432;&#x430;&#x43D;&#x44C; &#x442;&#x430; &#x43D;&#x435;&#x431;&#x430;&#x436;&#x430;&#x43D;&#x43E;&#x457; &#x432;&#x430;&#x433;&#x456;&#x442;&#x43D;&#x43E;&#x441;&#x442;&#x456;. &#x414;&#x430;&#x43D;&#x438;&#x439; &#x43F;&#x43E;&#x441;&#x456;&#x431;&#x43D;&#x438;&#x43A; &#x431;&#x443;&#x43B;&#x43E; &#x440;&#x43E;&#x437;&#x440;&#x43E;&#x431;&#x43B;&#x435;&#x43D;&#x43E; &#x441;&#x43F;&#x435;&#x446;&#x456;&#x430;&#x43B;&#x456;&#x441;&#x442;&#x430;&#x43C;&#x438; &#x423;&#x43A;&#x440;&#x430;&#x457;&#x43D;&#x441;&#x44C;&#x43A;&#x43E;&#x457; &#x410;&#x441;&#x43E;&#x446;&#x456;&#x430;&#x446;&#x456;&#x457; &#x41F;&#x43B;&#x430;&#x43D;&#x443;&#x432;&#x430;&#x43D;&#x43D;&#x44F; &#x441;&#x456;&#x43C;'&#x457; &#x437;&#x430; &#x441;&#x43F;&#x440;&#x438;&#x44F;&#x43D;&#x43D;&#x44F; &#x412;&#x441;&#x435;&#x441;&#x432;&#x456;&#x442;&#x43D;&#x44C;&#x43E;&#x457; &#x424;&#x443;&#x43D;&#x434;&#x430;&#x446;&#x456;&#x457; &#x410;&#x43D;&#x442;&#x438;&#x421;&#x41D;&#x406;&#x414;.
 &#x41F;&#x43E;&#x441;&#x456;&#x431;&#x43D;&#x438;&#x43A; &#x431;&#x443;&#x434;&#x435; &#x43A;&#x43E;&#x440;&#x438;&#x441;&#x43D;&#x438;&#x439; &#x442;&#x430;&#x43A;&#x43E;&#x436; &#x443;&#x447;&#x438;&#x442;&#x435;&#x43B;&#x44F;&#x43C; &#x432;&#x430;&#x43B;&#x435;&#x43E;&#x43B;&#x43E;&#x433;&#x456;&#x457;, &#x431;&#x435;&#x437;&#x43F;&#x435;&#x43A;&#x438; &#x436;&#x438;&#x442;&#x442;&#x454;&#x434;&#x456;&#x44F;&#x43B;&#x44C;&#x43D;&#x43E;&#x441;&#x442;&#x456;, &#x43A;&#x43B;&#x430;&#x441;&#x43D;&#x438;&#x43C; &#x43A;&#x435;&#x440;&#x456;&#x432;&#x43D;&#x438;&#x43A;&#x430;&#x43C;, &#x432;&#x438;&#x445;&#x43E;&#x432;&#x430;&#x442;&#x435;&#x43B;&#x44F;&#x43C;, &#x431;&#x430;&#x442;&#x44C;&#x43A;&#x430;&#x43C; &#x443;&#x447;&#x43D;&#x456;&#x432;, &#x441;&#x43F;&#x435;&#x446;&#x456;&#x430;&#x43B;&#x456;&#x441;&#x442;&#x430;&#x43C; &#x440;&#x435;&#x433;&#x456;&#x43E;&#x43D;&#x430;&#x43B;&#x44C;&#x43D;&#x438;&#x445; &#x446;&#x435;&#x43D;&#x442;&#x440;&#x456;&#x432; &#x43F;&#x43B;&#x430;&#x43D;&#x443;&#x432;&#x430;&#x43D;&#x43D;&#x44F; &#x441;&#x456;&#x43C;'&#x457; &#x442;&#x430; &#x446;&#x435;&#x43D;&#x442;&#x440;&#x456;&#x432; &#x441;&#x43E;&#x446;&#x456;&#x430;&#x43B;&#x44C;&#x43D;&#x438;&#x445; &#x441;&#x43B;&#x443;&#x436;&#x431;  &#x434;&#x43B;&#x44F; &#x43C;&#x43E;&#x43B;&#x43E;&#x434;&#x456;.</subfield>
  </datafield>
  <datafield tag="521" ind1=" " ind2=" ">
    <subfield code="a">&#x414;&#x43B;&#x44F; &#x448;&#x438;&#x440;&#x43E;&#x43A;&#x43E;&#x433;&#x43E; &#x43A;&#x43E;&#x43B;&#x430; &#x447;&#x438;&#x442;&#x430;&#x447;&#x456;&#x432;</subfield>
  </datafield>
  <datafield tag="546" ind1=" " ind2=" ">
    <subfield code="a">&#x443;&#x43A;&#x440;.</subfield>
  </datafield>
  <datafield tag="650" ind1=" " ind2=" ">
    <subfield code="a">&#x41D;&#x430;&#x432;&#x447;&#x430;&#x43B;&#x44C;&#x43D;&#x435; &#x432;&#x438;&#x434;&#x430;&#x43D;&#x43D;&#x44F;</subfield>
  </datafield>
  <datafield tag="653" ind1=" " ind2=" ">
    <subfield code="a">&#x41F;&#x430;&#x43B;&#x456;&#x43D;&#x43D;&#x44F;</subfield>
    <subfield code="a">&#x410;&#x43B;&#x43A;&#x43E;&#x433;&#x43E;&#x43B;&#x44C; &#x456; &#x43D;&#x430;&#x440;&#x43A;&#x43E;&#x442;&#x438;&#x43A;&#x438;</subfield>
    <subfield code="a">&#x421;&#x442;&#x430;&#x442;&#x44C; &#x442;&#x430; &#x441;&#x442;&#x430;&#x442;&#x435;&#x432;&#x456; &#x432;&#x456;&#x434;&#x43D;&#x43E;&#x441;&#x438;&#x43D;&#x438; </subfield>
    <subfield code="a">&#x421;&#x438;&#x43D;&#x434;&#x440;&#x43E;&#x43C; &#x43D;&#x430;&#x431;&#x443;&#x442;&#x43E;&#x433;&#x43E; &#x456;&#x43C;&#x443;&#x43D;&#x43D;&#x43E;&#x433;&#x43E; &#x434;&#x435;&#x444;&#x456;&#x446;&#x438;&#x442;&#x443;</subfield>
  </datafield>
  <datafield tag="655" ind1=" " ind2=" ">
    <subfield code="a">&#x41D;&#x430;&#x432;&#x447;&#x430;&#x43B;&#x44C;&#x43D;&#x430; &#x43B;&#x456;&#x442;&#x435;&#x440;&#x430;&#x442;&#x443;&#x440;&#x430;</subfield>
    <subfield code="v">&#x41F;&#x43E;&#x441;&#x456;&#x431;&#x43D;&#x438;&#x43A;</subfield>
  </datafield>
  <datafield tag="942" ind1=" " ind2=" ">
    <subfield code="2">udc</subfield>
    <subfield code="c">BK</subfield>
  </datafield>
  <datafield tag="999" ind1=" " ind2=" ">
    <subfield code="c">16971</subfield>
    <subfield code="d">16971</subfield>
  </datafield>
  <datafield tag="952" ind1=" " ind2=" ">
    <subfield code="0">0</subfield>
    <subfield code="1">0</subfield>
    <subfield code="2">udc</subfield>
    <subfield code="4">0</subfield>
    <subfield code="7">0</subfield>
    <subfield code="a">F2</subfield>
    <subfield code="b">F2</subfield>
    <subfield code="c">ABP</subfield>
    <subfield code="d">2026-03-10</subfield>
    <subfield code="i">64752/3</subfield>
    <subfield code="l">0</subfield>
    <subfield code="o">61</subfield>
    <subfield code="p">19575</subfield>
    <subfield code="r">2026-03-10</subfield>
    <subfield code="w">2026-03-10</subfield>
    <subfield code="y">BK</subfield>
  </datafield>
</record>
